01275nam a2200229 u 4500001001000000003000900010005001700019008004100036020001500077040002500092082002100117100004900138245009300187260004500280300003600325500007000361504003200431505043100463600005200894650005400946700004501000000001948DO-SdBNP20250618114720.0090630s2006 dr ac r 000 0 spa d a9945408062 aDO-SdBNPbspacBNPHU a923.2bC957h2221 a Cruz Infante, José A., q(José Abigail)10aHombres de Trujillo /cJosé Abigaíl Cruz Infante ; prólogo Juan Daniel Balcácer. aSanto Domingo :bLetra gráfica,c2006. a173 p. :bil., retrs. ;c23 cm. aIncluye datos biográficos del autor en la solapa de la cubierta aBibliografía : p. 171-1732 aLiminar -- Prólogo -- Funcionarios civiles y militares de Trujillo, vistos por Ximpa en 1934. Álbum homenaje a Trujillo --- Rafael Vidal Torres -- Mario Fermín Cabral -- General José Estrella -- Víctor Garrido Puello -- Anselmo Paulino -- Arturo Logroño -- Manuel de Moya Alonzo -- Manuel Arturo Peña Batlle -- Virgilio Álvarez Pina -- Félix W. Bernardino -- Álbum de Trujillo -- Bibliografía consultada.10aTrujillo Molina, Rafael Leónidas,d 1891-196114aPolíticoszRepública DominicanavBiografías1 aBalcácer, Juan Daniel,d1949-epról.